What is the Meaning and Importance of Customer Orientation as Part of the Business Models? The Case of Retail Chains in the Food Market

Dôležitosť orientácie na zákazníka vnímajú mnohí predajcovia potravín v čase, keď vplyvom digitalizácie vzniká situácia ľahkej dostupnosti ponuky potravín pre zákazníka na trhu. Preto tento dokument využíva analytický prístup na strane ponuky, aby zdôraznil perspektívy manažérov v sektore potravín....

Descripción completa

Guardado en:
Detalles Bibliográficos
Autor principal: Kita, Pavol
Otros Autores: Čvirik, Marián, 1992-, Maciejewski, Grzegorz
Formato: Capítulo de libro
Lenguaje:inglés
Materias:
Etiquetas: Agregar Etiqueta
Sin Etiquetas, Sea el primero en etiquetar este registro!

MARC

LEADER 00000naa a2200000 4500
001 0306410
005 20250211091316.0
041 0 |a eng 
044 |a PL 
245 1 0 |a What is the Meaning and Importance of Customer Orientation as Part of the Business Models? The Case of Retail Chains in the Food Market  |c Pavol Kita, Marián Čvirik, Grzegorz Maciejewski 
520 |a Dôležitosť orientácie na zákazníka vnímajú mnohí predajcovia potravín v čase, keď vplyvom digitalizácie vzniká situácia ľahkej dostupnosti ponuky potravín pre zákazníka na trhu. Preto tento dokument využíva analytický prístup na strane ponuky, aby zdôraznil perspektívy manažérov v sektore potravín. Cieľom tohto príspevku je na základe dotazníkového prieskumu manažérov 251 obchodných reťazcov s potravinami predstaviť orientáciu na zákazníka ako kľúčový prvok ich obchodného modelu v prípade maloobchodu s potravinami. 
610 2 0 |a maloobchod 
610 2 0 |a potraviny 
610 2 0 |a modely podnikateľské 
610 2 0 |a digitalizácia 
100 1 |a Kita, Pavol 
700 1 |a Čvirik, Marián, 1992- 
700 1 |a Maciejewski, Grzegorz